It's a long way to Addis / (Record no. 13407)

MARC details
000 -LEADER
fixed length control field 00559nam a22001932 4500
001 - CONTROL NUMBER
control field 0000011799
005 - DATE AND TIME OF LATEST TRANSACTION
control field 20151217155848.0
008 - FIXED-LENGTH DATA ELEMENTS--GENERAL INFORMATION
fixed length control field 090108s xx 000 0 eng d
040 ## - CATALOGING SOURCE
Original cataloging agency KABU
Transcribing agency KABU
100 1# - MAIN ENTRY--PERSONAL NAME
Personal name Birkby, Carel.
-- 0000167812
245 10 - TITLE STATEMENT
Title It's a long way to Addis /
Statement of responsibility, etc. Carel Birkby.
250 ## - EDITION STATEMENT
Edition statement 2st ed.
260 ## - PUBLICATION, DISTRIBUTION, ETC. (IMPRINT)
Place of publication, distribution, etc. London :
Name of publisher, distributor, etc. [?],
Date of publication, distribution, etc. 1945.
300 ## - PHYSICAL DESCRIPTION
Extent 103 p.
650 #0 - SUBJECT ADDED ENTRY--TOPICAL TERM
Topical term or geographic name as entry element World War, 1939-1`945
General subdivision Campaigns
Geographic subdivision Ethiopia.
-- 0000167813
852 1# - LOCATION
-- p100 KES
908 ## - PUT COMMAND PARAMETER (RLIN)
Put command parameter 090108
950 ## - LOCAL HOLDINGS (RLIN)
-- 1
Holdings
Withdrawn status Lost status Source of classification or shelving scheme Not for loan Home library Current library Date acquired Total Checkouts Full call number Barcode Date last seen Price effective from Koha item type
    Library of Congress Classification   Kabarak, Main Campus Kabarak, Main Campus 17/12/2015   D766.92 .B57 c. 1 15860 17/12/2015 17/12/2015 Africana Collection
Designed with assistance from East African Informatics Ltd